000
00323 a2200145 4500
001
166868
020
_a
040
_c
Magnum
100
_a
Gourlaouen, Christiane
240
1
0
_a
Aquagym: a ginastica na agua
_l
por
245
1
0
_a
Aquagym: a ginastica na agua
362
0
_a
1899
697
_a
EDUCACAO FISICA
942
_c
BK
999
_c
166868
_d
166868